Cartoons Typing Challenge Quiz Stats

Quiz Updated Dec 5, 2014

Challenge
Share
Tweet
Embed
Score 0/48 Timer 01:00
1 Play Today
Type This Word % Correct
????
100%
????
96.5%
????
95.9%
????
95.2%
????
94.8%
????
94.3%
????
93.6%
????
93%
????
92.5%
????
92%
????
91.6%
????
91.2%
????
90.6%
????
90%
????
89.3%
????
88.7%
????
87.9%
????
87.1%
????
86.3%
????
85.2%
????
83.8%
????
82.8%
????
81.6%
????
80%
Type This Word % Correct
????
78.1%
????
76.4%
????
74.6%
????
72.3%
????
69.9%
????
67.2%
????
64.4%
????
60.9%
????
57.1%
????
53.4%
????
48.5%
????
44.1%
????
39.4%
????
35.6%
????
31.2%
????
27.3%
????
22.3%
????
18.8%
????
15%
????
11.7%
????
8.6%
????
6.4%
????
3.9%
????
2.2%

You're not logged in!

Compare scores with friends on all Sporcle quizzes.
Join for Free
OR
Log In

You Might Also Like...

Show Comments

Extras

Top Quizzes Today


Score Distribution

Your Account Isn't Verified!

In order to create a playlist on Sporcle, you need to verify the email address you used during registration. Go to your Sporcle Settings to finish the process.

Report this User

Report this user for behavior that violates our Community Guidelines.

Details: